Ethical and political thinking / (Record no. 30250)
[ view plain ]
| 000 -LEADER | |
|---|---|
| fixed length control field | 00747cam a22002651 4500 |
| 001 - CONTROL NUMBER | |
| control field | 30250 |
| 003 - CONTROL NUMBER IDENTIFIER | |
| rucl marc code | BD-RjUL |
| 005 - DATE AND TIME OF LATEST TRANSACTION | |
| control field | 20211209051532.0 |
| 008 - FIXED-LENGTH DATA ELEMENTS--GENERAL INFORMATION | |
| fixed length control field | 140409s1947 enk 000 0 eng |
| 035 ## - SYSTEM CONTROL NUMBER | |
| System control number | (BD-RjUL)30335 |
| System control number | (OCoLC)376417 |
| 040 ## - CATALOGING SOURCE | |
| Original cataloging agency | DLC |
| Transcribing agency | ODaWU |
| Modifying agency | OCoLC |
| -- | DLC |
| Language of cataloging | eng |
| 041 ## - LANGUAGE CODE | |
| Language code of text/sound track or separate title | eng |
| 082 ## - DEWEY DECIMAL CLASSIFICATION NUMBER | |
| Classification number | 170 |
| Author mark and year | CAE 1947 |
| 100 1# - MAIN ENTRY--PERSONAL NAME | |
| Personal name | Carritt, E. F. |
| Fuller form of name | (Edgar Frederick), |
| Dates associated with a name | 1876-1964. |
| 9 (RLIN) | 3443 |
| 245 10 - TITLE STATEMENT | |
| Title | Ethical and political thinking / |
| Statement of responsibility, etc. | E. F. Carritt |
| 260 ## - PUBLICATION, DISTRIBUTION, ETC. (IMPRINT) | |
| Place of publication, distribution, etc. | Oxford [Eng.] : |
| Name of publisher, distributor, etc. | Clarendon Press, |
| Date of publication, distribution, etc. | 1947. |
| 300 ## - PHYSICAL DESCRIPTION | |
| Pagination | xx, 186 p. ; |
| Size | 20 cm. |
| 500 ## - GENERAL NOTE | |
| General note | Errata slip inserted. |
| 650 #0 - SUBJECT ADDED ENTRY--TOPICAL TERM | |
| Topical term or geographic name as entry element | Ethics. |
| 9 (RLIN) | 91954 |
| Topical term or geographic name as entry element | Political ethics. |
| 9 (RLIN) | 91955 |
| 942 ## - ADDED ENTRY ELEMENTS (KOHA) | |
| Source of classification or shelving scheme | Dewey Decimal Classification |
| Koha item type | Books |
| Lost status | Source of classification or shelving scheme | Damaged status | Not for loan | Collection code | Permanent Location | Current Location | Shelving location | Date acquired | Source of acquisition | Cost, normal purchase price | Total Checkouts | Full call number | Date last seen | Copy number | Koha item type |
|---|---|---|---|---|---|---|---|---|---|---|---|---|---|---|---|
| Dewey Decimal Classification | Not For Loan | Non-fiction | Central Library, University of Rajshahi | Central Library, University of Rajshahi | Reading Room | 21/07/1955 | O. U. P | 6.40 | 170 CAE 1947 | 09/04/2014 | C-1 | Books | |||
| Dewey Decimal Classification | Non-fiction | Central Library, University of Rajshahi | Central Library, University of Rajshahi | 08/03/1963 | Zeitlinger | 15.00 | 170 CAE 1947 | 24/07/2016 | C-2 | Books |